000 00749nam a22001937a 4500
999 _c195705
_d195705
005 20230418152630.0
010 _aENG-136705
020 _c200.00
035 _aEN-120237
037 _bDBAD/PUB
082 _a615.536
100 _aKulkarni, P.H
245 _aNadee Pareeksha Pulse Examination In Ayurveda /
_cBy P.H Kulkarni and Edited By Abhinandan Appasaheb Muke
260 _aPune
_bDeerghayu International
_c2016
270 _a36, Kothrud Gaothan, Opp Mhatoba Temple, Navgrah, Maruti, Bodhi Vruksha
_bPune
_e411038
_k9822037665
_k91-020-25382130
_mdeerghayuinternational@gamil.com
_l91-020-65208083
300 _a84p.;
_c20cm(pbk)
_bindex
700 _aMuke, Abhinandan Appasaheb
_eEditor
942 _2ddc
_cEN
_mKUL
_h615.536